| 000 | 00580nam a2200181 a 4500 | ||
|---|---|---|---|
| 005 | 20140310183134.0 | ||
| 008 | 030929s19uu xx 00 eng d | ||
| 020 | _a0873416775 | ||
| 050 |
_aTT 699 _b.B68 1999 |
||
| 100 | _aBotsford, Shirley | ||
| 245 |
_aShirley Botsford's decorating with fabric crafts : _bcreate elegant home accessories inspired by architecture / _cShirley Botsford. |
||
| 260 |
_aIola, WI : _bKrause Publications, _c1999. |
||
| 300 |
_a125 p. : _bill. col. ; _c28 cm. |
||
| 650 | _asewing | ||
| 650 | _aPatterns | ||
| 942 |
_cBK _2lcc _kFOR |
||
| 999 |
_c19227 _d19227 |
||